Relevo en la alcaldía y jefatura del movimiento / por Luis Soler y Fonrodona
Publicado:
San Jorge, núm. 88 (4t trimestre 1972), pàg 70 :
MARC
| LEADER | 00000nam a2200000Ia 4500 | ||
|---|---|---|---|
| 001 | |||
| 008 | 160829s9999 xx 000 0 cat d | ||
| 100 | |a Soler i Fonrodona, Lluís |9 40203 | ||
| 245 | |a Relevo en la alcaldía y jefatura del movimiento / por Luis Soler y Fonrodona | ||
| 260 | |a San Jorge, núm. 88 (4t trimestre 1972), pàg 70 | ||
| 650 | |a Crespo Gil, Pedro |9 41913 | ||
| 650 | 0 | |a Homenatges |9 21383 | |
| 650 | |a Alcaldes |x Mataró |9 41914 | ||
| 650 | |a Martí Coll, Antoni |9 41915 | ||
| 901 | |a Arxiu | ||
| 942 | |n 1 | ||
| 952 | |0 0 |1 0 |4 0 |7 1 |9 50547 |a Arxiu |b Arxiu |d 2016-12-01 |l 0 |r 2016-12-01 00:00:00 |w 2016-12-01 |y ARXIU | ||
| 999 | |c 54389 |d 54389 | ||